Chuyển đến nội dung
我的帐户
退出
登录
语言
English
Deutsch
Español
Français
Italiano
日本語
Nederlands
Português
Português (Brasil)
中文(简体)
中文(繁體)
Türkçe
עברית
Gaeilge
Cymraeg
Ελληνικά
Català
Euskara
Русский
Čeština
Suomi
Svenska
polski
Dansk
slovenščina
اللغة العربية
বাংলা
Galego
Tiếng Việt
Hrvatski
हिंदी
全文检索
题名
作者
主题
索引号
ISBN/ISSN
标签
检索
高级检索
检索
Water reports; No.22: Deficit...
职员浏览
引用
推荐此
打印
导出纪录
导出到 RefWorks
导出到 EndNoteWeb
导出到 EndNote
导出到 MARC
导出到 MARCXML
导出到 RDF
导出到 BibTeX
导出到 RIS
加到收藏夹
Water reports; No.22: Deficit irrigation practices
Đã lưu trong:
书目详细资料
格式:
图书
语言:
Undetermined
出版:
Rome, Italy
FAO
2002
主题:
irrgation
标签:
添加标签
没有标签, 成为第一个标记此记录!
Thư viện lưu trữ:
Trung tâm Học liệu Trường Đại học Cần Thơ
持有资料
实物特征
您的评论
相似书籍
职员浏览
LEADER
00397nam a2200145Ia 4500
001
CTU_54961
008
210402s9999 xx 000 0 und d
082
|a
631.587
082
|b
W324/No.22
245
0
|a
Water reports; No.22: Deficit irrigation practices
260
|a
Rome, Italy
260
|b
FAO
260
|c
2002
650
|a
irrgation
980
|a
Trung tâm Học liệu Trường Đại học Cần Thơ
相似书籍
Công trình thủy lợi vùng triều
由: Nguyễn Văn Điềm
出版: (2003)
Deficit Irrigation
由: Ouda, Samiha, et al.
出版: (2020)
Research, building a smart irrgation system based on IoT platform
由: Nguyen, Vu Duy
出版: (2025)
Kỹ thuật tưới tiết kiệm nước
由: Lê, Sâm
出版: (2002)
Irrigation Water Pricing The Gap Between Theory and Practice
由: Molle, F, et al.
出版: (2014)
载入...